Ciencia y Tecnología

Expone la situación de la ciencia y la tecnología y define la política científico - tecnológica en Guatemala 1979-1982. Presenta los componentes del modelo del sistema científico - tecnológico expone los objetivos del departamento de ciencia y tecnología de la secretaría general del Consejo Planific...

Cur síos iomlán

Sábháilte in:
Sonraí bibleagrafaíochta
Údar corparáideach: Guatemala. Consejo Nacional de Planificación Económica
Formáid: Téacs
Foilsithe / Cruthaithe: Guatemala: Departamento de Ciencia y Tecnología
Ábhair:
Clibeanna: Cuir clib leis
Níl clibeanna ann, Bí ar an gcéad duine le clib a chur leis an taifead seo!

MARC

LEADER 00000 a a2200000 04500
001 20220
003
040
090 |a 083600  
110 |a Guatemala. Consejo Nacional de Planificación Económica  
245 |a Ciencia y Tecnología  
260 |a Guatemala:   |b Departamento de Ciencia y Tecnología  
300 |a 217 p.  
520 |a Expone la situación de la ciencia y la tecnología y define la política científico - tecnológica en Guatemala 1979-1982. Presenta los componentes del modelo del sistema científico - tecnológico expone los objetivos del departamento de ciencia y tecnología de la secretaría general del Consejo Planificación Económica. Informa sobre los recursos financieros dedicados a actividades de la ciencia y la tecnología. Presenta los objetivos del programa de transferencia de tecnología. Se refiere a la generación y difusión de conocimientos científicos y tecnológicos. Incluye un resumen de costos de los programas referentes a este campo./ACM  
650 |a GUATEMALA  
650 |a TECNOLOGIA  
650 |a TRANSFERENCIA DE TECNOLOGIAS  
650 |a POLITICA CIENTIFICA  
650 |a PLANES NACIONALES  
650 |a PLANES DE DESARROLLO  
999 |c 13957  |d 13957